Гравиразведка при прогнозировании залежей углеводородов в ловушках неантиклинального типа (на примере Пудинского нефтегазоносного района): автореферат диссертации на соискание ученой степени кандидата геолого-минералогических наук; спец. 04.00.12

Chi tiết về thư mục
Tác giả chính: Устинова В. Н. Вера Николаевна
Tác giả của công ty: Томский политехнический институт (ТПИ)
Tác giả khác: Ерофеев Л. Я. Леонид Яковлевич (научный руководитель)
Tóm tắt:Защита сост. 6.12.1989 г.
Ngôn ngữ:Tiếng Nga
Được phát hành: Томск, 1989
Những chủ đề:
Định dạng: Sách
KOHA link:https://koha.lib.tpu.ru/cgi-bin/koha/opac-detail.pl?biblionumber=245394

MARC

LEADER 00000nam0a2200000 4500
001 245394
005 20231101232125.0
035 |a (RuTPU)RU\TPU\book\266801 
090 |a 245394 
100 |a 20131111d1989 k y0rusy50 ca 
101 0 |a rus 
102 |a RU 
105 |a y dm 001zy 
200 1 |a Гравиразведка при прогнозировании залежей углеводородов в ловушках неантиклинального типа (на примере Пудинского нефтегазоносного района)  |e автореферат диссертации на соискание ученой степени кандидата геолого-минералогических наук  |e спец. 04.00.12  |f В. Н. Устинова  |g Томский политехнический институт (ТПИ) ; науч. рук. Л. Я. Ерофеев 
210 |a Томск  |d 1989 
215 |a 21 с. 
300 |a Защита сост. 6.12.1989 г. 
320 |a Библиогр.: с. 20-21 (10 назв.). 
606 1 |a Нефтегазоносность  |x Гравиметрическая разведка  |2 stltpush  |3 (RuTPU)RU\TPU\subj\45598  |9 64791 
610 1 |a углеводороды 
610 1 |a углеводородные залежи 
610 1 |a гравиразведка 
610 1 |a ловушки 
610 1 |a сейсморазведка 
610 1 |a Сибирь 
610 1 |a Пудинский нефтегазоносный район 
610 1 |a песчаные отложения 
610 1 |a избыточная плотность 
610 1 |a нефть 
610 1 |a газ 
610 1 |a прогнозирование 
610 1 |a авторефераты диссертаций 
610 1 |a труды учёных ТПУ 
675 |a 553.98:550.831(04)  |v 3 
686 |a 04.00.12  |2 oksvnk 
700 1 |a Устинова  |b В. Н.  |c геофизик  |c профессор Томского политехнического университета, доктор геолого-минералогических наук  |f 1955-  |g Вера Николаевна  |2 stltpush  |3 (RuTPU)RU\TPU\pers\29351 
702 1 |a Ерофеев  |b Л. Я.  |c геолог, геофизик  |c профессор Томского политехнического университета, доктор геолого-минералогических наук  |f 1935-  |g Леонид Яковлевич  |2 stltpush  |3 (RuTPU)RU\TPU\pers\15850  |4 727 
712 0 2 |a Томский политехнический институт (ТПИ)  |c (1944-1991)  |2 stltpush  |3 (RuTPU)RU\TPU\col\1123 
801 1 |a RU  |b 63413507  |c 20131111 
801 2 |a RU  |b 63413507  |c 20150526  |g RCR 
942 |c BK